Statistics for Country flags in the Caribbean

Click here to take the quiz!

General Stats

  • This quiz has been taken 19 times
  • The average score is 12 of 13

Answer Stats

Answer% Correct
Cuba
100%
Jamaica
100%
Barbados
95%
Dominican Republic
95%
Haiti
95%
Bahamas
89%
Dominica
89%
Grenada
89%
Trinidad and Tobago
89%
Antigua and Barbuda
84%
Saint Lucia
84%
Saint Vincent and the Grenadines
84%
Saint Kitts and Nevis
79%

Score Distribution

Percentile by Number Answered

Percent of People with Each Score

Your Score History

You have not taken this quiz